| 000 | 004740000a22001810004500 | ||
|---|---|---|---|
| 003 | MACL | ||
| 005 | 20151229160120.0 | ||
| 008 | 151229b xxu||||| |||| 00| 0 eng d | ||
| 040 |
_aMACL _cMACL |
||
| 041 | _aEnglish | ||
| 082 | _a294.592/SAA | ||
| 100 |
_aSaastrii , Satyaananda _924184 |
||
| 245 | _aDevotional Texts of the Aaryans | ||
| 260 |
_bVirajaananda Vaidika Samsthaana _aGhazibadh |
||
| 350 | _a20 | ||
| 650 |
_aReligion _924185 |
||
| 942 |
_cBK _k294.592/Saa _2ddc |
||
| 999 |
_c33705 _d33705 |
||